Δυσλεξία / Η Παιδική Ασθένεια του Αιώνα μας (Record no. 4350)
[ view plain ]
| 000 -LEADER | |
|---|---|
| fixed length control field | 01428cam a22001934a 4500 |
| 005 - ΗΜΕΡΟΜΗΝΙΑ ΚΑΙ ΩΡΑ ΤΕΛΕΥΤΑΙΑΣ ΕΝΗΜΕΡΩΣΗΣ | |
| Πεδίο ελέγχου | 20250605164144.0 |
| 008 - FIXED-LENGTH DATA ELEMENTS--GENERAL INFORMATION | |
| Πεδίο ελέγχου σταθερού μήκους | 250528s ||||||||||||||||||||||||d |
| 035 ## - SYSTEM CONTROL NUMBER | |
| System control number | 19067 |
| 020 ## - ISBN | |
| ISBN | 9604052284 |
| 040 ## - ΠΗΓΗ ΚΑΤΑΛΟΓΟΓΡΑΦΗΣΗΣ | |
| Φορέας πρωτότυπης καταλογογράφησης | MC Athens Campus Library |
| Γλώσσα καταλογογράφησης | Ελληνικά, Μοντέρνα (1453-) |
| Modifying agency | MC Athens Campus Library |
| Κανόνες περιγραφικής καταλογογράφησης | AACR2 |
| 245 1# - ΤΙΤΛΟΣ ΚΑΙ ΔΗΛΩΣΗ ΥΠΕΥΘΥΝΟΤΗΤΑΣ | |
| Τίτλος | Δυσλεξία / Η Παιδική Ασθένεια του Αιώνα μας |
| 260 ## - PUBLICATION, DISTRIBUTION, ETC. | |
| Name of publisher, distributor, etc. | Ίων, |
| Date of publication, distribution, etc. | 1990 |
| 300 ## - PHYSICAL DESCRIPTION | |
| Extent | 296 |
| 520 ## - SUMMARY, ETC. | |
| Summary, etc. | Εισαγωγή, Στοιχεία Φυσιολογίας Κεντρικού Νευρικού Συστήματος, Ηλεκτροεγκεφαλογραφία, Εγκεφαλική Πλευρίωση, Λόγος και Μάθηση και Σκέψη, Εσωτερικός Λόγος, Ιστορικότητα της Δυσλεξίας, Ορισμός της Δυσλεξίας, Κλινική Περιγραφή της Δυσλεξίας, Εξετάσεις Δυσλεξικού Παιδιού, Ιατρικές Εξετάσεις, Διαγνωστική Δοκιμασία (Τέστ) για Δυσλεξικά Παιδιά, Παθογέννεση της Δυσλεξίας, Θεραπεία της Δυσλεξίας, Δυσλεξία στην Ελλάδα, Γενικές Παρατηρήσεις, Συμβουλές προς τους Γονείς, Επίλογος, Βιβλιογραφία. |
| 700 1# - ΠΡΟΣΘΕΤΗ ΑΝΑΓΡΑΦΗ--ΦΥΣΙΚΟ ΠΡΟΣΩΠΟ | |
| Personal name | Καρπάθιος Χρυσόστομος Εμμ |
| 9 (RLIN) | 5330 |
| 942 ## - ADDED ENTRY ELEMENTS (KOHA) | |
| Koha item type | Books |
| Τύπος τεκμηρίου | Βιβλιοθήκη | Τρέχουσα τοποθεσία | Barcode | Αριθμός εισαγωγής | Ημερομηνία απόκτησης | Ταξιθετικό σύμβολο | Αριθμός αντιτύπου | Κατάσταση απόσυρσης | Κατάσταση χαμένου | Κατάσταση κατεστραμμένου | Μη δανεισμός | Σύνολο δανεισμών | Σύνολο ανανεώσεων | Ημερομηνία τελευταίας εμφάνισης | Χρονολογία τελευταίου δανεισμού | Η τιμή ισχύει από |
|---|---|---|---|---|---|---|---|---|---|---|---|---|---|---|---|---|
| Books | MC Athens Campus Library | MC Athens Campus Library | 9780000043498 | 4004 | 05/06/2025 | 618.928553 KAR | 1 | 1 | 2 | 02/03/2026 | 02/02/2026 | 05/06/2025 |